| 000 | 00951cad a22002295a 4500 | ||
|---|---|---|---|
| 001 | E148906 | ||
| 008 | 091125s2009 xxk f 000 0 eng d | ||
| 035 | _a(Sirsi) u148906 | ||
| 041 | 0 | _aeng | |
| 050 | 0 | 4 | _a333.332 $2 19 |
| 110 | 2 |
_aRoyal Institution of Chartered Surveyors _bValuation Professional Group _95719 |
|
| 245 | 0 | 0 |
_aValuation information alert _bvaluations for local authority financial statements _h[electronic resource] |
| 260 |
_aLondon _bRICS _c2009 |
||
| 490 | 0 | _aValuation Information Alert | |
| 520 | _aOffers advice on lease classification and components, in advance of more detailed advice to be published by RICS and CIPFA. | ||
| 521 | _aAdvanced | ||
| 590 | _aKA | ||
| 651 | 4 |
_aUnited Kingdom _y |
|
| 690 | _aPROPERTY-PROPERTY APPRAISAL AND VALUATION | ||
| 856 | 4 | 0 |
_uhttps://www.rics.org/site/scripts/download_info.aspx?downloadID=3960&fileID=5092 _zView the valuation information alert at www.rics.org... |
| 942 | _n0 | ||
| 999 |
_c110275 _d110275 |
||